Central Library OPAC University of Rajshahi
Normal view MARC view

Entry Topical Term

Number of records used in: 2

001 - CONTROL NUMBER

  • control field: 2959

003 - CONTROL NUMBER IDENTIFIER

  • control field: BD-RjUL

005 - DATE AND TIME OF LATEST TRANSACTION

  • control field: 20220512105549.0

008 - FIXED-LENGTH DATA ELEMENTS

  • fixed length control field: 220512|| aca||aabn | a|a d

040 ## - CATALOGING SOURCE

  • Original cataloging agency: BD-RjUL
  • Transcribing agency: BD-RjUL

150 ## - HEADING--TOPICAL TERM

  • Topical term or geographic name entry element: Arabic language
  • General subdivision: Inflection
  • Form subdivision: Dictionaries

670 ## - SOURCE DATA FOUND

  • Source citation: Work cat.: (BD-RjUL)79788: [Asmar, Gerges Issa] الاسمر، جرجس عيسى 2958, قاموس الاعراب [qamus alaearab ] /, 1969